000 01373nam a2200313 i 4500
001 37534
003 ES-MaACL
005 20250818063037.0
007 t|
008 030317s1869 fr ||||1| fre d
080 _a(460)
080 _a(469)
100 1 _aVerneuil, Édouard de,
_d1805-1873
_9114176
245 1 0 _aExplication sommaire de la carte géologique de l'Espagne /
_cpar Ed. de Verneuil et Ed. Collomb.
246 3 _aCarte géologique de l'Espagne et du Portugal [
_hMaterial cartográfico]
260 _aParis :
_bSavy,
_c1869.
300 _a29 p., 1 h. pleg. de mapa col. ;
_c21 cm.
300 _a1 mapa col. ;
_c66 x 89 cm pleg. a 18 x 12 cm.
594 _aColaboradores en la realización del mapa: Botella, Schulz, A. Maestre, Aranzazu y Bauzá...
650 4 _aGeología-
_zEspaña-
_vMapas.
_913090
650 4 _aGeología-
_zPortugal-
_vMapas.
_9170266
651 4 _aEspaña-
_vMapas.
_9138074
651 4 _aPortugal-
_vMapas.
_9170265
700 1 _aCollomb, Edouard.
_939750
740 0 2 _aCarte géologique de l'Espagne et du Portugal.
852 4 _aES-MaACL
_jT-148-F-2
_z- Sin mapa
852 4 _aES-MaACL
_jB-8308(9)
_zMapa al final del v.
_z- Enc. en un vol. facticio, con el nombre en el lomo: "España: geología, memorias y documentos varios I-X"
_z- Legado Federico de Botella y de Hornos
999 _c37534
_d37534